000 01323cam a22003734a 4500
001 111775
005 20230410103914.0
008 021025s2003 enkb b 001 0 eng
035 _a12980364
010 _a2002191071
020 _a1842772120
020 _a1842772139
020 _a9781842772126
040 _aDLC
_cDLC
_dDLC
041 _aeng
042 _apcc
043 _aa-sy---
050 1 4 _a432 DS 98.6
_bG347s 2003
082 0 0 _a956.9104/2
100 1 _aGeorge, Alan,
_d1949-
245 1 0 _aSyria :
_bneither bread nor freedom /
_cAlan George.
260 _aLondon ;
_aNew York :
_bZed Books ;
_aNew York :
_bDistributed exclusively in the USA by Palgrave,
_c2003.
300 _axvi, 206 p. :
_bmap ;
_c23 cm.
504 _aIncludes bibliographical references (p. [194]-195) and index.
651 0 _aSyria
_xPolitics and government
_y2000-
650 0 _aCivil society
_zSyria.
650 0 _aPolitical parties
_zSyria.
651 0 _aSiria
_xPolĂ­tica y gobierno
_y2000-
856 4 2 _3Contributor biographical information
_uhttp://www.loc.gov/catdir/bios/hol053/2002191071.html
856 4 2 _3Publisher description
_uhttp://www.loc.gov/catdir/description/hol041/2002191071.html
856 4 1 _3Table of contents
_uhttp://www.loc.gov/catdir/toc/hol041/2002191071.html
942 _2lcc
_cbk
946 _almd
999 _c28175
_d28175